ՀՀ Գիտությունների ազգային ակադեմիայի հիմնարար գիտական գրադարան  =   Fundamental Scientific Library of NAS RA

Պանթուրքական երազանք կամ "Գորշ գայլեր" : (Record no. 329570)

MARC details
000 -LEADER
fixed length control field 01071nam a2200229 a 4500
001 - CONTROL NUMBER
control field 000994350
003 - CONTROL NUMBER IDENTIFIER
control field AM-YeHGA
005 - DATE AND TIME OF LATEST TRANSACTION
control field 20250618074237.0
008 - FIXED-LENGTH DATA ELEMENTS--GENERAL INFORMATION
fixed length control field 131127s2013 ai r 000 0 arm d
020 ## - INTERNATIONAL STANDARD BOOK NUMBER
International Standard Book Number 9789994128341
040 ## - CATALOGING SOURCE
Original cataloging agency AM-YeHGA
041 0# - LANGUAGE CODE
Language code of text/sound track or separate title arm
090 ## - LOCALLY ASSIGNED LC-TYPE CALL NUMBER (OCLC); LOCAL CALL NUMBER (RLIN)
-- 331324
100 1# - MAIN ENTRY--PERSONAL NAME
Personal name Ավագյան, Աշոտ
Relator term կազմ.
Relationship com
245 10 - TITLE STATEMENT
Title Պանթուրքական երազանք կամ "Գորշ գայլեր" :
Remainder of title Ըստ պատերազմում եղած նյութերի /
Statement of responsibility, etc. Կազմ.՝ Ա. Ավագյան; Առաջաբ.՝ Ռ. Սաֆրաստյան և ուրիշն.; Խմբ. և առաջաբ.՝ Զ. Մուղդուսյան.
260 ## - PUBLICATION, DISTRIBUTION, ETC.
Place of publication, distribution, etc. Ե. :
Name of publisher, distributor, etc. Ասողիկ,
Date of publication, distribution, etc. 2013.
300 ## - PHYSICAL DESCRIPTION
Extent 154 էջ :
Other physical details լուսանկ., նկ.
504 ## - BIBLIOGRAPHY, ETC. NOTE
Bibliography, etc. note Մատենագիտ. տողատ. ծանոթ. հայ, ռուս և անգլ.
650 14 - SUBJECT ADDED ENTRY--TOPICAL TERM
Topical term or geographic name entry element Քաղաքականություն
Geographic subdivision Թուրքիա
9 (RLIN) 4807
700 1# - ADDED ENTRY--PERSONAL NAME
Personal name Սաֆրաստյան, Ռուբեն Արամի,
Dates associated with a name 1955-
Relator term առաջաբ.
Relationship aui
9 (RLIN) 3431
700 1# - ADDED ENTRY--PERSONAL NAME
Personal name Մուղդուսյան, Զոհրապ
Relator term խմբ., առաջաբ.
Relationship edt
-- aui
Holdings
Withdrawn status Lost status Damaged status Not for loan Collection Home library Current library Date acquired Cost, normal purchase price Shelving control number Total checkouts Full call number Barcode Date last seen Price effective from Koha item type Public note
        General Fundamental Scientific Library Fundamental Scientific Library 09/01/2017 1350.00     AII/100123 FL0316482 09/01/2017 09/01/2017 Գրքեր / Books 30 Days Loan


ՀՀ ԳԱԱ հիմնարար գիտական գրադարան
ՀՀ,Երևան 0019
Մարշալ Բաղրամյան 24/6
հեռախոս:(374-10) 52-47-50
Հետադարձ կապ

All site content, except where otherwise noted, is licensed under a
Creative Commons License